Statistics for Capitals of Canadian Provinces

Click here to take the quiz!

General Stats

  • This quiz has been taken 65,259 times
    (65,256 since last reset)
  • The average score is 9 of 13

Answer Stats

Province or TerritoryCapital% Correct
OntarioToronto
94%
QuebecQuebec City
88%
AlbertaEdmonton
84%
ManitobaWinnipeg
75%
British ColumbiaVictoria
73%
Nova ScotiaHalifax
70%
Northwest TerritoriesYellowknife
68%
SaskatchewanRegina
67%
Newfoundland and LabradorSt. John's
64%
YukonWhitehorse
60%
Prince Edward IslandCharlottetown
49%
NunavutIqaluit
49%
New BrunswickFredericton
43%

Score Distribution

Percentile by Number Answered

Percent of People with Each Score

Your Score History

You have not taken this quiz since the last reset